|
|
|
|
| LEADER |
00000nam2a2200000 4500 |
| 001 |
300723 |
| 005 |
20231102001329.0 |
| 035 |
|
|
|a (RuTPU)RU\TPU\book\325876
|
| 090 |
|
|
|a 300723
|
| 100 |
|
|
|a 20150715d1982 km y0rusy50 ca
|
| 101 |
0 |
|
|a rus
|
| 102 |
|
|
|a RU
|
| 105 |
|
|
|a a z 000zd
|
| 200 |
0 |
|
|a Кн. 1
|f под ред. С. П. Князевой
|
| 210 |
|
|
|d 1982
|
| 215 |
|
|
|a 360 с.
|c ил.
|
| 225 |
1 |
|
|a Летопись трудовой славы 1981-1985
|
| 461 |
|
1 |
|0 (RuTPU)RU\TPU\book\299989
|t Герои одиннадцатой пятилетки. Летопись трудовой славы
|o в 5 кн.
|f сост. А. Н. Ковалев
|v Кн. 1
|d 1982-1986
|
| 606 |
1 |
|
|a Герои Социалистического Труда
|2 stltpush
|3 (RuTPU)RU\TPU\subj\36040
|9 57563
|
| 610 |
1 |
|
|a труд
|
| 610 |
1 |
|
|a СССР
|
| 610 |
1 |
|
|a передовой опыт
|
| 610 |
1 |
|
|a очерки
|
| 610 |
1 |
|
|a новаторы
|
| 610 |
1 |
|
|a мастерство
|
| 610 |
1 |
|
|a духовный мир
|
| 610 |
1 |
|
|a история
|
| 610 |
1 |
|
|a 20 век
|
| 686 |
|
|
|a У9(2)243.5
|v LBC/SL-A
|2 rubbk
|
| 702 |
|
1 |
|a Князева
|b С. П.
|g Светлана Петровна
|4 340
|
| 801 |
|
1 |
|a RU
|b 63413507
|c 20150715
|
| 801 |
|
2 |
|a RU
|b 63413507
|c 20180614
|g RCR
|
| 942 |
|
|
|c BK
|